| 000 | 02115nam a2200205Ia 4500 | ||
|---|---|---|---|
| 003 | OSt | ||
| 005 | 20210804123317.0 | ||
| 008 | 210310s1971 ck fr 100 0 spa d | ||
| 040 |
_aCO-JMCR _cCO-JMCR |
||
| 041 | 0 | _aspa | |
| 082 | 0 | 4 |
_a332.498 / _bR444a _223 |
| 111 | 2 |
_aReunión de gobernadores de Bancos Centrales Latinoamericanos y 8° Reunión de gobernadores latinoamericanos y de Filipinas _n(13° : _d1971 : _cBogotá) _939048 |
|
| 245 | 1 | 0 |
_aAmérica Latina y la situación monetaria internacional / _cReunión de gobernadores de Bancos Centrales Latinoamericanos y 8° Reunión de gobernadores latinoamericanos y de Filipinas |
| 260 |
_aBogotá : _bBanco de la República, _c1971 |
||
| 300 |
_a85 páginas ; _c23 cm. |
||
| 500 | _aTítulo en caratula. | ||
| 505 | 0 | _aDiscurso pronunciado por el Gerente General del Banco de la República, doctor Germán Botero de los Ríos, en la sesión inaugural de la Décima Tercera Reunión de Gobernadores de Bancos Centrales Latinoamericanos. -- Exposición del señor Luis Ugueto, Director Ejecutivo del Fondo Monetario Internacional ante la VIII Reunión de Gobernadores Latinoamericanos y de Filipinas del Fondo Monetario Internacional y el Banco Internacional de Re construcción y Fomento. -- Exposición del señor Alexandre Kafka, Director Ejecutivo del Fondo Monetario Internacional. -- Algunas observaciones sobre la crisis monetaria internacional de Carlos Massad A., Director Ejecutivo del Fondo Monetario Internacional. -- América Latina y la crisis monetaria internacional. Discurso pronunciado por el señor Ministro de Hacienda de Colombia, doctor Rodrigo Llorente en la sesión inaugural de la Octava Asamblea de Gobernadores Latinoamericanos y de Filipinas ante el Fondo Monetario Internacional y el Banco Internacional de Reconstrucción y Fomento. -- Discurso pronunciado por el señor Rodrigo Llorente Martínez, Ministro de Hacienda y Crédito Público y Gobernador por Colombia, en las deliberaciones anuales conjuntas en Washington. | |
| 650 | 1 | 4 |
_aCuestión monetaria _916698 _xCongresos, conferencias, etc. _zAmérica Latina |
| 942 |
_2ddc _cBK |
||
| 999 |
_c8232 _d8232 |
||